00381nam a2200145Ia 4500008004100000020001400041041000800055082001700063100001700080245004100097260002000138300003000158365001700188700003000205230718s9999 xx 000 0 und d a849353564 aeng a005.806bPEL aPeltier T.R. aComplete Guide To CISM Certification c2007bCRC Press a454dRef 130 IT ( 64341 ) cRs.b9805.49 aPeltier T.R. & Peltier J.